Finish The Lyrics - Christmas Songs - Statistics

General Stats
  • This quiz has been taken 703 times
  • The average score is 7 of 10
Answer Stats
Hint Answer % Correct
LAST CHRISTMAS by Wham! Last Christmas I gave you my heart,But the very next day you gave it away. This year to save me from tears I'll give it to someone _______. special
98%
ALL I WANT FOR CHRISTMAS by Mariah Carey Oh, I won't ask for much this ChristmasI won't even wish for snow (and I) I'm just gonna keep on waiting underneath the _________ I won't make a list and send it to the North Pole for Saint Nick I won't even stay awake to hear those magic reindeer click mistletoe
86%
JINGLE BELLS Dashing through the snowIn a one-horse open sleigh O'er the fields we go ________ all the way laughing
84%
SANTA CLAUSE IS COMING TO TOWNHe's making a list And checking it _____ He's going to find out Who's naughty and nice, Santa Claus is coming twice
82%
HOLLY JOLLY CHRISTMAS by Michael BubleHave a holly jolly Christmas It's the best time of the year Now I don't know if there'll be snow But have a cup of _____ cheer
65%
FROSTY THE SNOWMAN There must have been some _____In that old silk hat they found For when they placed it on his head He began to dance around magic
62%
ROCKIN' AROUND THE CHRISTMAS TREE by Brenda Lee You will get a __________ feeling when you hearVoices singing, let's be jolly Deck the halls with boughs of holly Rockin' around the Christmas tree sentimental
60%
IT'S BEGINNING TO LOOK A LOT LIKE CHRISTMAS It's beginning to look a lot like Christmas Everywhere you go Take a look at the five and ten, it's glistening once again With _____ _____ and silver lanes that glow candy canes
48%
FELIZ NAVIDAD by José FelicianoFeliz Navidad Feliz Navidad Feliz Navidad Próspero año y _______ felicidad
40%
HAVE YOURSELF A MERRY LITTLE CHRISTMAS by Frank SinatraHave yourself a merry little Christmas (Merry little Christmas) Make the ________ gay (Make the ________ gay) From now on, our troubles will be miles away yuletide
39%
No matching quizzes found
Score Distribution
Percent of People with Each Score
Percentile by Number Answered
Your Score History
You have not taken this quiz